| 000 | 01368nam a2200361 c 4500 | ||
|---|---|---|---|
| 003 | BLK | ||
| 005 | 20250712110901.0 | ||
| 008 | 180409b bul|||||r ||||||| ||bul|| | ||
| 010 | _aKNG00142807000 | ||
| 020 |
_a978-954-769-310-4 _bиздат.: Обсидиан |
||
| 040 | _aBLK | ||
| 041 |
_aBUL _cBUL |
||
| 072 | 7 |
_2bullib _aН83 _xЧужда художествена литература Н |
|
| 080 |
_aАмериканска литература (на САЩ) _b821.111(73) _x-312.4 _z821.111(73)-312.4 |
||
| 100 | 1 |
_aКларк, Марша _eпърви автор _9304470 |
|
| 700 | 1 |
_aАбаджиева, Красимира _eпрев. от англ. _9363340 |
|
| 139 |
_aКларк, Марша _bК 63 |
||
| 245 | 1 | 0 |
_aСтепени на вина _bРоман _cМарша Кларк; прев. от англ. Красимира Абаджиева. |
| 257 | _aUSA | ||
| 260 |
_аСофия _bОбсидиан _c2012 |
||
| 300 |
_a367 с. _c20 см |
||
| 380 | _aX | ||
| 500 | _aОриг. загл. Guilt by Degrees / Marcia Clark. | ||
| 653 | _aкрими | ||
| 653 | _aромани | ||
| 659 | _aН | ||
| 852 | _aЦб 259402 | ||
| 856 | 4 |
_qpdf _u |
|
| 856 | 4 |
_qpdf _u |
|
| 942 |
_cKNG _n0 _084 |
||
| 944 |
_aCR _c17.05.2013 _lГеновева Генчева _k30560 |
||
| 944 |
_aED _c20.01.2015 _lф / _kЛюдмила_Стоянова |
||
| 999 |
_c136850 _d136850 |
||